Youth information resources : an annotated guide for parents, professionals, students, researchers and concerned citizens
Αποθηκεύτηκε σε:
| Κύριος συγγραφέας: | |
|---|---|
| Μορφή: | Βιβλίο |
| Γλώσσα: | English |
| Δημοσίευση: |
New York :
Greenwood Press,
c1987
|
| Σειρά: | Bibliographies and indexes in sociology ;
; 10 |
| Θέματα: | |
| Ετικέτες: |
Προσθήκη ετικέτας
Δεν υπάρχουν, Καταχωρήστε ετικέτα πρώτοι!
|
MARC
| LEADER | 00000nam a2200000 i 4500 | ||
|---|---|---|---|
| 001 | 1/81452 | ||
| 008 | 990518s1987 eng d | ||
| 020 | |a 0313253048 | ||
| 035 | |l 10050886 | ||
| 040 | |a GR-MY-UA |b gre |e aacr | ||
| 041 | 0 | |a eng | |
| 082 | 0 | |a 016.305235 | |
| 100 | 1 | |a Woodbury, Marda. | |
| 245 | 1 | 0 | |a Youth information resources : |b an annotated guide for parents, professionals, students, researchers and concerned citizens / |c compiled by Marda Woodbury |
| 260 | |a New York : |b Greenwood Press, |c c1987 | ||
| 300 | |a 357 p. | ||
| 490 | 1 | |a Bibliographies and indexes in sociology |v ; 10 |x 0742-6895 | |
| 500 | |a With a chapter on data bases compiled by Donna L. Richardson | ||
| 650 | 0 | 0 | |a Adolescence |x Reference books |x Bibliography. |
| 650 | 0 | 0 | |a Adolescence |x Bibliography. |
| 650 | 0 | 0 | |a Youth |z United States |x Bibliography. |
| 830 | 0 | |a Bibliographies and indexes in sociology ; |v ; 10 |x 0742-6895 | |
| 852 | |a INST |b LESVOS |e 19990518 |h 016.305235 WOO |p 005100016295 |q 005100016295 |t REF |y 23 | ||
| 901 | |a BIBL1-1999-2 | ||
| 909 | |a Λ |b 062271 | ||
| 922 | |a 1ΕΛΗ |b 199812 |c ΚΠΣ/ΚΥΒ |d LEADER | ||
| 950 | |a 023-1998-09-14 | ||